Match 'Em Up Blitz - The Simpsons Quiz Stats

Quiz Updated Apr 9, 2013

Challenge
Share
Tweet
Embed
Score 0/40 Timer 07:00
0 Plays Today
% Correct
CATCHPHRASES
99.8%
CHARACTER
99.8%
CATCHPHRASE
99.8%
CHARACTER
75.3%
JOB
74.5%
JOBS
74.2%
CATCHPHRASES COMPLETE
74.1%
JOBS UNLOCKED
74%
FIRST NAME
72.9%
CHARACTERS
72.8%
LAST NAME
72.8%
JOBS COMPLETE
72.7%
CHARACTERS UNLOCKED
72.6%
SAME VOICE
71.6%
CHARACTER 2
71.6%
CHARACTER 1
71.6%
CHARACTERS COMPLETE
71.5%
SAME VOICE UNLOCKED
71.5%
PART 1
69%
PART 2
69%
% Correct
EPISODES
69%
SAME VOICE COMPLETE
68.8%
EPISODES UNLOCKED
68.8%
ANIMAL
61.1%
NAME
60.9%
ANIMALS
60.6%
EPISODES COMPLETE
60.5%
ANIMALS UNLOCKED
60.4%
PART 1
52.9%
PART 2
52.9%
BROKEN LINES
52.8%
ANIMALS COMPLETE
52.7%
BROKEN LINES UNLOCKED
52.6%
CHARACTER
35.4%
CLOTHES
34.5%
CLOTHING
34.5%
BROKEN LINES COMPLETE
34%
CLOTHING UNLOCKED
33.9%
WOO HOO!
20.2%
CLOTHING COMPLETE
20.1%

You're not logged in!

Compare scores with friends on all Sporcle quizzes.
Sign Up with Email
OR
Log In

You Might Also Like...

Show Comments

Extras

Top Quizzes Today


Score Distribution

Your Account Isn't Verified!

In order to create a playlist on Sporcle, you need to verify the email address you used during registration. Go to your Sporcle Settings to finish the process.